[Event "It (open)"]
[Site "masterchessopen.com - Barbera del Valles (Spain)"]
[Date "2010.07.09"]
[Round "6"]
[White "Chueca Forcen Alberto (ESP)"]
[Black "Grafl Florian (GER)"]
[Result "0-1"]
[WhiteElo "2280"]
[BlackElo "2398"]

1.d4 f5 2.c4 Nf6 3.g3 g6 4.Bg2 Bg7 5.Nc3 O-O 6.Nh3 d6 7.d5 Nbd7 8.O-O Ne5 9.b3
c5 10.Qc2 a6 11.a4 b6 12.Bd2 Rb8 13.Rae1 Nh5 14.f4 Nf7 15.e4 Nf6 16.e5 Ne8
17.e6 Nh6 18.Ng5 b5 19.axb5 Bxc3 20.Bxc3 axb5 21.Ra1 Qb6 22.Ra5 Ba6 23.Rfa1
Nc7 24.Qb2 Ng4 25.Nf7 Rxf7 26.exf7+ Kxf7 27.Qa2 bxc4 28.Rxa6 Qxa6 29.Qxa6 Nxa6
30.Rxa6 Rxb3 31.h3 Ne3 32.Ba5 c3 {#R} 0-1

[Event "It (open)"]
[Site "masterchessopen.com - Paleochora (Greece)"]
[Date "2010.07.23"]
[Round "2"]
[White "Balaskas Panayotis (GRE)"]
[Black "Rychagov Andrey (RUS)"]
[Result "0-1"]
[WhiteElo "2052"]
[BlackElo "2568"]

1.d4 f5 2.c4 Nf6 3.g3 g6 4.Bg2 Bg7 5.Nc3 O-O 6.Nh3 e6 7.Nf4 d6 8.h4 c6 9.h5 e5
10.h6 Bh8 11.dxe5 dxe5 12.Qxd8 Rxd8 13.Nd3 e4 14.Nf4 Ng4 15.Bd2 Nxf2 16.Kxf2
Rxd2 17.Ke3 Rxb2 18.Rad1 Nd7 19.Nxe4 fxe4 20.Bh3 c5 21.Be6+ Kf8 22.Rxd7 Bxd7
23.Bxd7 Ke7 24.Bg4 Bd4+ 25.Kxe4 Kd6 26.Nh3 Re8+ 27.Kf3 Rexe2 28.Rd1 Ke5 29.Bc8
Re3+ 30.Kg4 Rg2 {#R} 0-1

[Event "Tournament"]
[Site "masterchessopen.com - Campinas (Brazil)"]
[Date "2010.10.09"]
[Round "1"]
[White "Mecking Henrique (BRA)"]
[Black "Grillo Cloves Moises (BRA)"]
[Result "1-0"]
[WhiteElo "2548"]
[BlackElo "1869"]

1.d4 f5 2.c4 Nf6 3.g3 g6 4.Bg2 Bg7 5.Nc3 d6 6.d5 O-O 7.Nh3 Qe8 8.Nf4 Na6 9.O-O
Nc5 10.Nb5 Qd8 11.Nd4 Qe8 12.b4 e5 13.dxe6 Nxe6 14.Bxb7 Bxb7 15.Ndxe6 Qc6
16.f3 Ng4 17.Nxg7 Kxg7 18.Ne6+ Kf7 19.Nxf8 Rxf8 20.Qd5+ Qxd5 21.cxd5 Ne5
22.Rd1 Re8 23.Kf2 Nd7 24.Be3 Nb6 25.Bxb6 cxb6 26.Rac1 Ba6 27.Rc7+ Kf6 28.e3
Re7 29.Rxe7 Kxe7 30.Rc1 Kd7 31.a4 Bd3 32.b5 g5 33.e4 fxe4 34.Ke3 exf3 35.Kxd3
{#r} 1-0

[Event "Tournament (open)"]
[Site "masterchessopen.com - Backa Topola (Serbia)"]
[Date "2010.12.03"]
[Round "8"]
[White "Zlatic Milan (SRB)"]
[Black "Szabados Karoly (SRB)"]
[Result "0-1"]
[WhiteElo "2048"]
[BlackElo "2096"]

1.d4 f5 2.c4 Nf6 3.g3 g6 4.Bg2 Bg7 5.Nh3 O-O 6.Nc3 d6 7.d5 a5 8.O-O Na6 9.Nf4
Nc5 10.Qc2 Bd7 11.b3 Qe8 12.h4 h6 13.Rb1 Qf7 14.a3 Nce4 15.Nxe4 Nxe4 16.Bb2
Bxb2 17.Rxb2 g5 18.hxg5 hxg5 19.Bxe4 fxe4 20.Ng2 Bf5 21.g4 Bxg4 22.Qxe4 Bf5
23.Qf3 Qh7 24.Qg3 Kf7 25.f3 Qg7 26.Rd2 Rh8 27.e4 Rh3 28.Qe1 Bd7 29.Re2 Rah8
30.e5 dxe5 31.Qd2 g4 32.fxg4+ Ke8 33.Re3 Rh1+ 34.Kf2 Rf8+ {#R} 0-1

[Event "It (open)"]
[Site "masterchessopen.com - Nis (Serbia)"]
[Date "2011.01.23"]
[Round "4"]
[White "Ostojic Nikola (SRB)"]
[Black "Petrovic Milan (SRB)"]
[Result "1-0"]
[WhiteElo "2446"]
[BlackElo "1949"]

1.d4 f5 2.c4 Nf6 3.g3 g6 4.Bg2 Bg7 5.Nc3 O-O 6.Nh3 d6 7.d5 c6 8.O-O e5 9.dxe6
Bxe6 10.Qd3 Qe7 11.Bf4 Rd8 12.Rad1 h6 13.e4 fxe4 14.Nxe4 Bxh3 15.Nxf6+ Qxf6
16.Bxh3 Na6 17.Rd2 d5 18.cxd5 cxd5 19.Bg2 Kh7 20.Qb1 Qf7 21.Rfd1 d4 22.b4 Rd7
23.Be4 Re8 24.h4 h5 25.Rc1 Re6 26.a3 Qe7 27.Bf3 Kg8 28.Rc8+ Kf7 29.Qb3 Bf6
30.Bd5 Rxd5 31.Qxd5 Kg7 32.Kg2 b5 33.Re2 Nc7 34.Rxc7 Rxe2 35.Rxe7+ Rxe7
36.Qxb5 {#r} 1-0

[Event "It (open)"]
[Site "masterchessopen.com - Ivrea (Italy)"]
[Round "9"]
[White "Bosticardo Tommaso (ITA)"]
[Black "Trovero Leo (ITA)"]
[Result "1-0"]
[WhiteElo "1708"]
[BlackElo "1556"]

1.d4 f5 2.c4 Nf6 3.g3 g6 4.Bg2 Bg7 5.Nh3 O-O 6.Nc3 d6 7.d5 c6 8.Nf4 Qc7 9.O-O
Na6 10.Qc2 Bd7 11.a3 c5 12.Bd2 Rae8 13.Rab1 Qb8 14.Rfe1 Nc7 15.b4 e5 16.dxe6
Nxe6 17.Nxe6 Bxe6 18.bxc5 dxc5 19.Rxb7 Qd6 20.Nb5 Qd8 21.Rxa7 Ng4 22.Ba5 Qg5
23.Bd2 Qf6 24.Bc3 Qd8 25.Rxg7+ Kh8 26.Rd7+ {#r} 1-0

[Event "It \"]
[Site "masterchessopen.com - Sao Paulo (Brazil)"]
[Date "2011.04.23"]
[Round "6"]
[White "Goncalves Jorge (POR)"]
[Black "Jonas T"]
[Result "1-0"]
[WhiteElo "2135"]
[BlackElo "1838"]

1.d4 f5 2.c4 Nf6 3.g3 g6 4.Bg2 Bg7 5.Nc3 d6 6.Nh3 O-O 7.d5 c6 8.O-O e5 9.dxe6
Bxe6 10.Bf4 Rf7 11.Ng5 Re7 12.Bxd6 Re8 13.Nxe6 Rxe6 14.c5 Na6 15.Qb3 Qc8 16.e4
fxe4 17.Bh3 {#r} 1-0

[Event "It \"]
[Site "masterchessopen.com - Buenos Aires (Argentina)"]
[Date "2011.09.20"]
[Round "7"]
[White "Pierrot Facundo (ARG)"]
[Black "Lujan Carolina (ARG)"]
[Result "0-1"]
[WhiteElo "2454"]
[BlackElo "2355"]

1.d4 f5 2.c4 Nf6 3.g3 g6 4.Bg2 Bg7 5.Nc3 O-O 6.Nh3 e6 7.d5 Qe7 8.O-O d6 9.dxe6
c6 10.Nf4 Bxe6 11.Nxe6 Qxe6 12.Bf4 Qxc4 13.Qxd6 Na6 14.Rfd1 Rfe8 15.Rac1 Qf7
16.b3 Bf8 17.Qd2 Ba3 18.Rb1 Bb4 19.Qc2 Nc7 20.Na4 Ncd5 21.Bh6 Ne4 22.Qc4 a5
23.Bxe4 Rxe4 24.Qc2 Qe7 25.e3 g5 26.h4 gxh4 27.Bf4 hxg3 28.Bxg3 Rf8 29.Kh1 Rf6
30.Rg1 Rg6 31.Bh2 Bd6 32.Rxg6+ hxg6 33.Bxd6 Qxd6 34.Qd1 Rg4 35.Rb2 b5 {#R} 0-1

[Event "Ch Nordeste (seniors)"]
[Site "masterchessopen.com - Joao Pessoa (Brazil)"]
[Date "2011.11.06"]
[Round "4"]
[White "Asfora Marco (BRA)"]
[Black "De Barros E Silva Byron Veras"]
[Result "1-0"]
[WhiteElo "2219"]
[BlackElo "1867"]

1.d4 f5 2.c4 Nf6 3.g3 c6 4.d5 d6 5.Nc3 g6 6.Bg2 c5 7.Nh3 Bg7 8.O-O O-O 9.Qc2
a6 10.Re1 Re8 11.Nf4 Ra7 12.b3 Qa5 13.Bd2 Qd8 14.Red1 Bd7 15.a4 b6 16.e4 Ng4
17.Bc1 Qc8 18.Nd3 Bd4 19.h3 Ne5 20.Kh2 Nxd3 21.Rxd3 Bf6 22.f4 e5 23.dxe6 Rxe6
24.Nd5 Bd8 25.Bb2 Nc6 26.Qc3 Ne5 27.fxe5 dxe5 28.exf5 gxf5 {#r} 1-0

[Event "Ch World (juniors) (under 16)"]
[Site "masterchessopen.com - Caldas Novas (Brazil)"]
[Date "2011.11.22"]
[Round "5"]
[White "Kowsarinia Amir (IRI)"]
[Black "Cori Jorge (PER)"]
[Result "0-1"]
[WhiteElo "2233"]
[BlackElo "2482"]

1.d4 f5 2.c4 Nf6 3.g3 g6 4.Bg2 Bg7 5.Nh3 O-O 6.Nf4 d6 7.d5 Ng4 8.h4 c6 9.Qb3
Qb6 10.Qxb6 axb6 11.h5 g5 12.Nd3 h6 13.Nc3 Bxc3+ 14.bxc3 Ra4 15.Rb1 Rxc4
16.dxc6 bxc6 17.Rxb6 Be6 18.O-O Nf6 19.Bd2 Ra4 20.Rfb1 Nbd7 21.R6b2 Ne4 22.Nc1
Rfa8 23.f4 g4 24.Bxe4 Rxe4 25.Rb7 Kf7 26.Rc7 Nf6 27.Rbb7 Bxa2 28.Kf2 Bd5
29.Nd3 Re6 30.Be1 Ra1 31.Ra7 Rd1 {#R} 0-1

[Event "It (open)"]
[Site "masterchessopen.com - London (England)"]
[Date "2011.12.09"]
[Round "7"]
[White "Berry Neil (SCO)"]
[Black "Mohammad Ashraf (IND)"]
[Result "1-0"]
[WhiteElo "2312"]
[BlackElo "2188"]

1.d4 f5 2.g3 Nf6 3.c4 g6 4.Nf3 Bg7 5.b4 d6 6.Bb2 O-O 7.Bg2 Qe8 8.O-O Nc6 9.a3
Nd8 10.Nbd2 c6 11.Qc2 Nf7 12.e4 f4 13.e5 Bf5 14.Qb3 Nh5 15.Rfe1 dxe5 16.dxe5
e6 17.Ne4 Bxe4 18.Rxe4 fxg3 19.hxg3 Nh6 20.Rd1 Qe7 21.Bc1 Nf5 22.g4 Nh4
23.gxh5 Nxf3+ 24.Bxf3 gxh5 25.Bxh5 Rf5 26.Bg4 {#r} 1-0

[Event "Cup ACP (active) (w)"]
[Site "masterchessopen.com - Tbilisi (Georgia)"]
[Date "2012.02.20"]
[Round "6"]
[White "Mamedjarova Zeinab (AZE)"]
[Black "Cmilyte Viktorija (LTU)"]
[Result "0-1"]
[WhiteElo "2318"]
[BlackElo "2503"]

1.d4 f5 2.c4 Nf6 3.g3 g6 4.Bg2 Bg7 5.Nh3 d6 6.d5 Na6 7.Nc3 Nc5 8.Nf4 O-O 9.h4
Ng4 10.f3 Ne5 11.h5 e6 12.Na4 Nxa4 13.Qxa4 Qg5 14.Rh3 Qf6 15.dxe6 c6 16.hxg6
hxg6 17.Bd2 Bxe6 18.Bc3 Rf7 19.Rd1 Bxc4 20.Bxe5 dxe5 21.Qxc4 exf4 22.Rd7 b5
23.Qb3 a5 24.a3 a4 25.Qa2 Kf8 26.Rd2 Rd8 27.Rxd8+ Qxd8 28.Rh4 fxg3 29.Rh3 Qd4
{#R} 0-1

[Event "It (open)"]
[Site "masterchessopen.com - La Roda (Spain)"]
[Date "2012.04.07"]
[Round "6"]
[White "Suba Mihai (ROM)"]
[Black "Tudela Corbalan Carlos (ESP)"]
[Result "1-0"]
[WhiteElo "2443"]
[BlackElo "2244"]

1.c4 f5 2.d4 Nf6 3.g3 g6 4.Bg2 Bg7 5.Nc3 d6 6.d5 O-O 7.Nh3 c6 8.O-O Bd7 9.Rb1
Na6 10.Nf4 Nc7 11.b3 Qe8 12.e3 g5 13.Nd3 Qg6 14.f4 h6 15.dxc6 Bxc6 16.Nb4 Bxg2
17.Kxg2 Rae8 18.Qd3 Ne6 19.Nbd5 Nc5 20.Qc2 Nfe4 21.b4 Nxc3 22.Nxc3 Nd7 23.Bb2
e5 24.Nd5 exf4 25.exf4 Re4 26.Qxe4 {#r} 1-0

[Event "It (open)"]
[Site "masterchessopen.com - Osasco (Brazil)"]
[Date "2012.04.21"]
[Round "4"]
[White "Takiguchi Angelica Tidori (BRA)"]
[Black "Borensztajn David (BRA)"]
[Result "1-0"]
[WhiteElo "1608"]
[BlackElo "1951"]

1.d4 f5 2.c4 Nf6 3.g3 d6 4.Bg2 e6 5.Nc3 Be7 6.Bg5 O-O 7.e3 Qe8 8.Nge2 h6
9.Bxf6 Bxf6 10.O-O c6 11.b4 d5 12.c5 g5 13.Rb1 e5 14.b5 f4 15.e4 exd4 16.Nxd4
dxe4 17.Nxe4 Qe5 18.bxc6 bxc6 19.Nb3 Bf5 20.Re1 Qc7 21.Rc1 Bxe4 22.Rxe4 fxg3
23.hxg3 Rd8 24.Qe2 Nd7 25.Re6 Rac8 26.Rxc6 Qe5 27.Qxe5 Bxe5 28.Rxh6 Kg7 29.Ra6
Rc7 30.Ra5 Kf6 31.Rd1 Rb8 32.c6 Nb6 33.Nc5 Bc3 34.Ne4+ {#r} 1-0

[Event "It \"]
[Site "masterchessopen.com - Golden Sands (Bulgaria)"]
[Date "2012.06.05"]
[Round "2"]
[White "Spassov Liuben (BUL)"]
[Black "Lu Shanglei (CHN)"]
[Result "0-1"]
[WhiteElo "2353"]
[BlackElo "2522"]

1.d4 f5 2.g3 Nf6 3.c4 g6 4.Nf3 Bg7 5.b4 d6 6.Bb2 c6 7.Nbd2 Na6 8.a3 Nc7 9.Bg2
O-O 10.O-O Kh8 11.Qc2 Be6 12.Rac1 Rc8 13.e4 fxe4 14.Ng5 Bf5 15.Qa4 d5 16.cxd5
cxd5 17.f3 e3 18.Nb1 Qd7 19.Qxd7 Nxd7 20.g4 Bxb1 21.Rxb1 h6 22.Nh3 Nb6 23.Rfe1
Nc4 24.Ba1 Nb5 {#R} 0-1

[Event "Memorial L.Polugaevsky (open)"]
[Site "masterchessopen.com - Samara (Russia)"]
[Date "2012.07.06"]
[Round "2"]
[White "Gumerov Ruslan (RUS)"]
[Black "Dugushov Sergey (RUS)"]
[Result "0-1"]
[WhiteElo "1877"]
[BlackElo "2132"]

1.d4 f5 2.c4 Nf6 3.g3 d6 4.Bg2 g6 5.Bg5 Bg7 6.Nc3 O-O 7.e3 c6 8.Nge2 Ne4
9.Nxe4 fxe4 10.Bf4 g5 11.Bxg5 Qa5+ 12.Qd2 Qxg5 13.Bxe4 e5 14.d5 c5 15.Nc3 a6
16.O-O-O Qf6 17.f4 b5 18.Qc2 h6 19.Rdf1 exf4 20.Rxf4 Qe7 21.Rhf1 Rxf4 22.Rxf4
Be5 23.Rh4 Qg7 24.Nd1 Bf6 25.Rf4 Bg5 26.Rf1 Bh3 27.Rf2 Nd7 28.Bf5 Bxf5 29.Rxf5
Rf8 30.cxb5 axb5 31.Kb1 Rxf5 32.Qxf5 Qh7 {#R} 0-1

[Event "It (open)"]
[Site "masterchessopen.com - Avoine (France)"]
[Date "2012.07.23"]
[Round "3"]
[White "Anton Teodor (ROM)"]
[Black "Louis-Sidois Charles (FRA)"]
[Result "1-0"]
[WhiteElo "2423"]
[BlackElo "1969"]

1.d4 f5 2.c4 Nf6 3.g3 g6 4.Bg2 Bg7 5.Nc3 O-O 6.Nh3 d6 7.d5 c6 8.O-O Bd7 9.Nf4
Na6 10.Rb1 Rc8 11.b3 Qe8 12.Bb2 Qf7 13.Qd2 Nc5 14.b4 Na6 15.a3 Nc7 16.h4 Na8
17.c5 dxc5 18.bxc5 cxd5 19.Ncxd5 Bc6 20.Rfd1 Nc7 21.Nxc7 Rxc7 22.Qa5 Rcc8
23.Bxc6 bxc6 24.Qxa7 Nd5 25.Nxd5 cxd5 26.Bxg7 Kxg7 27.e3 e6 28.Rb7 {#r} 1-0

[Event "It (open)"]
[Site "masterchessopen.com - Arad (Romania)"]
[Date "2012.07.29"]
[Round "4"]
[White "Brosman Alexandru (ROM)"]
[Black "Stefan Romulus-Cristian (ROM)"]
[Result "0-1"]
[WhiteElo "1929"]
[BlackElo "2180"]

1.d4 f5 2.c4 Nf6 3.g3 g6 4.b3 Bg7 5.Bg2 d6 6.Bb2 c6 7.Nf3 Na6 8.O-O O-O 9.Nbd2
Rb8 10.Ne1 e5 11.d5 c5 12.e4 f4 13.gxf4 Nh5 14.fxe5 Nf4 15.Ndf3 Bg4 16.Bc3
dxe5 17.Rc1 Qd6 18.Bd2 Qd7 19.Rc3 Nxg2 20.Nxg2 Rf7 21.Re1 Rbf8 22.Ree3 Nc7
23.Nge1 Ne8 24.Qc2 Nd6 25.b4 cxb4 26.Rb3 a5 27.a3 b5 28.c5 Nc4 29.axb4 a4
30.Rbc3 Nxe3 31.Rxe3 Bxf3 32.Nxf3 Qg4+ 33.Kf1 Rxf3 {#R} 0-1

[Event "It (open)"]
[Site "masterchessopen.com - Vlissingen (Netherlands)"]
[Date "2012.08.04"]
[Round "1"]
[White "De Pooter Ronald (NED)"]
[Black "Eisenbeiser Amadeus (GER)"]
[Result "0-1"]
[WhiteElo "1873"]
[BlackElo "2384"]

1.d4 f5 2.g3 Nf6 3.c4 g6 4.Nc3 Bg7 5.Bg2 O-O 6.Nh3 Nc6 7.O-O e6 8.a3 Qe7 9.d5
Ne5 10.b3 Kh8 11.Bb2 a6 12.Qc2 Nf7 13.e4 fxe4 14.Nxe4 Nxe4 15.Bxe4 e5 16.f4 d6
17.Kg2 Bxh3+ 18.Kxh3 exf4 19.Bxg7+ Kxg7 20.gxf4 Rae8 21.Rae1 Qf6 22.Qf2 Rxe4
23.Rxe4 Qf5+ 24.Kg3 Qxe4 25.Re1 Qd3+ 26.Re3 Qd4 27.Qe2 Nh6 28.Re7+ Kh8 {#R}
0-1

[Event "Ch Russia (students)"]
[Site "masterchessopen.com - Uljanovsk (Russia)"]
[Date "2012.09.23"]
[Round "7"]
[White "Dankin Maxim (RUS)"]
[Black "Smirnov Alexandr A (RUS)"]
[Result "0-1"]
[WhiteElo "2091"]
[BlackElo "2162"]

1.d4 f5 2.c4 Nf6 3.g3 g6 4.Bg2 Bg7 5.Nh3 d6 6.O-O c6 7.b3 O-O 8.Bb2 Qe8 9.d5
Na6 10.Nc3 Bd7 11.Rc1 Rd8 12.Ba3 Nc5 13.Nf4 g5 14.Nd3 Nxd3 15.Qxd3 Qh5 16.f4
gxf4 17.gxf4 Rf7 18.Kh1 Ng4 19.h3 Kh8 20.e3 Rg8 21.Rc2 Bf6 22.Bb2 Rfg7 23.Nd1
Bxb2 24.Rxb2 Nf6 25.Nc3 Rg3 26.Qe2 Rxh3+ {#R} 0-1